| 000 | 00588nam a2200205 i 4500 | ||
|---|---|---|---|
| 001 | 99153 | ||
| 003 | ES-MaACL | ||
| 005 | 20240601063024.0 | ||
| 007 | t| | ||
| 008 | 050902s1974 sp ||||1| spa d | ||
| 100 | 1 |
_aMartín Cano, César. _977428 |
|
| 245 | 1 | 0 |
_aEstudio ontológico de la mano / _cCesar Martín Cano. |
| 260 |
_aPalencia : _bRocamador, _c1974. |
||
| 300 |
_a181 p. ; _c22 cm. |
||
| 490 | 1 |
_aColección Rocamador ; _v79 |
|
| 830 | 0 | 0 |
_aRocamador (Serie) ; _v79 _9236737 |
| 852 |
_aES-MaACL _jC-56599 _bR.89324 |
||
| 942 | _2udc | ||
| 999 |
_c99153 _d99153 |
||